书目信息 |
| 题名: |
建筑供配电与照明
|
|
| 作者: | 戴绍基 主编 ;邱红 , 冯硕 编写 | |
| 分册: | ||
| 出版信息: | 北京 中国电力出版社 2007.01 |
|
| 页数: | 436页 | |
| 开本: | 26cm | |
| 丛书名: | ||
| 单 册: | ||
| 中图分类: | TU852 | |
| 科图分类: | ||
| 主题词: | 房屋建筑设备--fang wu jian zhu she bei--配电系统--高等教育--教材 , 房屋建筑设备--fang wu jian zhu she bei--电气照明--高等教育--教材 , 房屋建筑设备--fang wu jian zhu she bei--供电--高等教育--教材 | |
| 电子资源: | ||
| ISBN: | 978-7-5083-4962-6 | |
| 000 | 01275nam0 2200301 450 | |
| 001 | 012007192812 | |
| 005 | 20070929113322.70 | |
| 010 | @a978-7-5083-4962-6@dCNY39.60 | |
| 100 | @a20070726d2007 km y0chiy0120 ea | |
| 101 | 0 | @achi |
| 102 | @aCN@b110000 | |
| 105 | @aa a 000yy | |
| 200 | 1 | @a建筑供配电与照明@Ajian zhu gong pei dian yu zhao ming@f戴绍基主编@Fdai shao ji zhu bian@g邱红, 冯硕编写@Gqiu hong,feng shuo bian xie |
| 210 | @a北京@c中国电力出版社@d2007.01 | |
| 215 | @a436页@c图@d26cm | |
| 300 | @a教育部职业教育与成人教育司推荐教材 | |
| 320 | @a有书目 (第436页)。 | |
| 330 | @a本书共分十一章,主要内容包括:建筑供配电技术的有关知识、建筑供配电系统的主要电气设备、建筑供配电系统的负荷计算、短路计算及电器的选择与校验、变配电所及建筑供配电系统、建筑供配电系统的保护等。 | |
| 333 | @a技能型紧缺人才培养培训建筑设备类专业教学用书 | |
| 606 | 0 | @a房屋建筑设备@Afang wu jian zhu she bei@x配电系统@x高等教育@j教材 |
| 606 | 0 | @a房屋建筑设备@Afang wu jian zhu she bei@x电气照明@x高等教育@j教材 |
| 606 | 0 | @a房屋建筑设备@Afang wu jian zhu she bei@x供电@x高等教育@j教材 |
| 690 | @aTU852@v4 | |
| 701 | 0 | @a戴绍基@Adai shao ji@4主编 |
| 702 | 0 | @a邱红@Aqiu hong@4编写 |
| 702 | 0 | @a冯硕@Afeng shuo@4编写 |
| 801 | 0 | @aCN@c20070929 |
| 905 | @dTU852@eD122 | |
| 建筑供配电与照明/戴绍基主编/邱红, 冯硕编写.-北京:中国电力出版社,2007.01 |
| 436页:图;26cm |
| 教育部职业教育与成人教育司推荐教材.-使用对象:技能型紧缺人才培养培训建筑设备类专业教学用书 |
| ISBN 978-7-5083-4962-6:CNY39.60 |
| 本书共分十一章,主要内容包括:建筑供配电技术的有关知识、建筑供配电系统的主要电气设备、建筑供配电系统的负荷计算、短路计算及电器的选择与校验、变配电所及建筑供配电系统、建筑供配电系统的保护等。 |
| ● |
| 相关链接 |
|
|
|
正题名:建筑供配电与照明
索取号:TU852/D122
 
预约/预借
| 序号 | 登录号 | 条形码 | 馆藏地/架位号 | 状态 | 备注 |
| 1 | 249427 | 202494274 | 建筑库201/201建筑库 54排6列1层/ [索取号:TU852/D122] | 在馆 | |
| 2 | 249428 | 202494283 | 建筑库201/201建筑库 54排6列1层/ [索取号:TU852/D122] | 在馆 | |
| 3 | 249429 | 202494292 | 建筑库201/201建筑库 54排6列1层/ [索取号:TU852/D122] | 在馆 |